| 000 | 00593nam a2200205Ia 4500 | ||
|---|---|---|---|
| 005 | 20250923144622.0 | ||
| 008 | 008 250917s9999 xx 000 0 eng d | ||
| 037 | _aTextual | ||
| 040 |
_aDSWL _beng _cDSWL |
||
| 041 |
_aeng _2eng |
||
| 084 |
_aY115,2, H8 _qDSWL |
||
| 100 |
_aHate, Chandrakala A. _9826696 |
||
| 245 | 0 |
_aHindu women and her future _cby Chandrakala A.Hate |
|
| 260 |
_aBombay _b New Book Co. Ltd., 185-190, Hovnly Road _c1948 |
||
| 300 | _a293p. | ||
| 365 |
_aINR _b8 |
||
| 925 | _g8 | ||
| 942 |
_cTEXL _hY115,2, H8 |
||
| 999 |
_c1441242 _d1441242 |
||